Szczegóły MARC21

Poeci języka angielskiego. T. 1 /

003 -Nazwa inst., której nr kontr. jest w polu 001 [,]
    • @
    • Nazwa instytucji, której n kontrolny jest w polu 001
    • NUKAT
005 -DATA I CZAS OSTATNIEJ MODYFIKACJI [,]
    • @
    • pole kontrolne
    • 20241231090855.0
040 -Instytucja sporządzająca opis [ , ]
    • a
    • Instytucja, która sporządziła opis (NP)
    • LUBL KUL/EP
    • c
    • Instytucja, która sporządziła rekord (NP)
    • LUBL KUL/EP
    • d
    • Instytucja, która zmodyfikowała rekord (P)
    • LUBL KUL/MC
    • d
    • Instytucja, która zmodyfikowała rekord (P)
    • WR O/ZWs
942 -Rodzaj dokumentu [ , ]
    • c
    • Rodzaj dokumentu
    • Książka
245 -Strefa tytułu i oznaczenia odpowiedzialności [0,0]
    • a
    • Tytuł
    • Poeci języka angielskiego. Find
    • n
    • Oznaczenie części (P)
    • T. 1 /
    • c
    • Pozostałe elementy strefy tytułu i oznaczenia odpowiedzialności (NP)
    • wybór i oprac.: Henryk Krzeczkowski, Jerzy S. Sito, Juliusz Żuławski.
260 -Strefa adresu wydawniczego [ , ]
    • a
    • Miejsce wydania (P)
    • Warszawa :
    • b
    • Nazwa wydawcy (P)
    • Państwowy Instytut Wydawniczy,
    • c
    • Data wydania (P)
    • 1969.
300 -Strefa opisu fizycznego [ , ]
    • a
    • Określenie formy książki i/lub objętość (NP)
    • 956, [4] s. :
    • b
    • Oznaczenie ilustracji (NP)
    • err. ;
    • c
    • Format (NP)
    • 18 cm.
336 -Typ zawartości [ , ]
    • a
    • Termin opisujący typ zawartości
    • Tekst
    • b
    • Kod określający zawartość
    • txt
    • 2
    • Źródło (terminu i kodu)
    • rdacontent
337 -Typ mediów [ , ]
    • a
    • Tryb odtwarzania
    • Bez urządzenia pośredniczącego
    • b
    • Kod typu mediów
    • n
    • 2
    • Źródło (terminu i kodu)
    • rdamedia
338 -Typ/rodzaj nośnika [ , ]
    • a
    • Hasło opisujące typ nośnika
    • Wolumin
    • b
    • Kod typu nośnika
    • nc
    • 2
    • Źródło (terminu i kodu)
    • rdacarrier
490 -Strefa serii i książki wielotomowej - forma nie do wyszukiwania [1, ]
    • a
    • Tytuł (P)
    • Biblioteka Poezji i Prozy Find
830 -Hasło dodatkowe serii i opisu książki wielotomowej - tytuł ujednolicony/tytuł [ ,0]
    • a
    • Tytuł ujednolicony/tytuł (NP)
    • Biblioteka Poezji i Prozy
    • 9
    • KHW
    • 19311
080 -Uniwersalna Klasyfikacja Dziesiętna [ , ]
    • a
    • Symbol klasyfikacji
    • 821.111-1
    • 2
    • Identyfikator wydania tablic
    • UDC-P058
    • 9
    • UKD
    • 16442
    • b
    • Dopowiedzenie
    • Literatura angielska. - Poezja. Dramat poetycki.
    • 4
    • UKD2
    • 8450
    • x
    • Poddział wspólny
    • (082.2)
    • c
    • Dopowiedzenie poddz. wspólnego
    • (Antologie. Wypisy (różnych autorów). Cytaty. Fragmenty).
080 -Uniwersalna Klasyfikacja Dziesiętna [ , ]
    • a
    • Symbol klasyfikacji
    • 821.111(73)-1
    • 2
    • Identyfikator wydania tablic
    • UDC-P058
    • 9
    • UKD
    • 16562
    • b
    • Dopowiedzenie
    • Literatura amerykańska. - Poezja. Dramat poetycki.
    • 4
    • UKD2
    • 8450
    • x
    • Poddział wspólny
    • (082.2)
    • c
    • Dopowiedzenie poddz. wspólnego
    • (Antologie. Wypisy (różnych autorów). Cytaty. Fragmenty).
655 -Hasło w funkcji tematu formalnego [ ,7]
    • a
    • Hasło
    • Poezja angielska
    • y
    • Określnik chronologiczny
    • 1500-1800
    • v
    • Określnik formy
    • antologie.
    • 2
    • Źródło terminu
    • kaba
    • 9
    • KHW
    • 360471
655 -Hasło w funkcji tematu formalnego [ ,7]
    • a
    • Hasło
    • Poezja angielska
    • y
    • Określnik chronologiczny
    • 1100-1500 (średnioangielska)
    • v
    • Określnik formy
    • antologie.
    • 2
    • Źródło terminu
    • kaba
    • 9
    • KHW
    • 360468
655 -Hasło w funkcji tematu formalnego [ ,7]
    • a
    • Hasło
    • Poezja angielska
    • y
    • Określnik chronologiczny
    • 1100-1500 (średnioangielska)
    • v
    • Określnik formy
    • tłumaczenia polskie.
    • 2
    • Źródło terminu
    • kaba
    • 9
    • KHW
    • 360469
655 -Hasło w funkcji tematu formalnego [ ,7]
    • a
    • Hasło
    • Poezja angielska
    • y
    • Określnik chronologiczny
    • 1500-1800
    • v
    • Określnik formy
    • tłumaczenia polskie.
    • 2
    • Źródło terminu
    • kaba
    • 9
    • KHW
    • 360470
980 -Symbol UKD [ , ]
    • a
    • UKD
    • 821.111-1+821.111(73)-1](082.2)
700 -Hasło dodatkowe - nazwa osobowa [1, ]
    • a
    • Nazwa osobowa (NP)
    • Krzeczkowski, Henryk Find
    • d
    • Daty biograficzne (NP)
    • (1921-1985).
    • e
    • Określenie rodzaju współpracy
    • Oprac.
    • 9
    • KHW
    • 19010
700 -Hasło dodatkowe - nazwa osobowa [1, ]
    • a
    • Nazwa osobowa (NP)
    • Sito, Jerzy Stanisław Find
    • d
    • Daty biograficzne (NP)
    • (1934-2011).
    • e
    • Określenie rodzaju współpracy
    • Oprac.
    • 9
    • KHW
    • 38895
700 -Hasło dodatkowe - nazwa osobowa [1, ]
    • a
    • Nazwa osobowa (NP)
    • Żuławski, Juliusz Find
    • d
    • Daty biograficzne (NP)
    • (1910-1999).
    • e
    • Określenie rodzaju współpracy
    • Oprac.
    • 9
    • KHW
    • 31880
710 -Hasło dodatkowe - nazwa ciała zbiorowego [2, ]
    • a
    • Nazwa ciała zbiorowego lub nazwa geograficzna jako pierwszy element (NP)
    • Państwowy Instytut Wydawniczy.
    • 4
    • Kod relacji
    • pbl
    • 9
    • KHW
    • 51410
Obwoluta Sygnatura Lokalizacja Data inwentaryzacji Numer inwentarzowy Status udost.
  BG1998-10-09Z.212641
  BG SN.34700-3
1POL. Antologie - poezja 07BM2019-04-11Q.9401